[Event "Dzhubga Blitz op"]
[Site "Dzhubga"]
[Date "2023.08.13"]
[Round "1"]
[White "Nalgiev, Mukhamed V"]
[Black "Afanasiev, Nikita"]
[Result "0-1"]
[WhiteElo "1353"]
[BlackElo "2537"]
[PlyCount "70"]
[EventDate "2023.08.13"]
[EventType "swiss (blitz)"]
[EventRounds "13"]
[EventCountry "RUS"]
[SourceTitle "CBM 215 Extra"]
[Source "ChessBase"]
[SourceDate "2023.09.30"]
[SourceVersion "1"]
[SourceVersionDate "2023.09.30"]
[SourceQuality "1"]

1. e4 g6 2. d4 Bg7 3. f4 d6 4. Nf3 a6 5. h3 b5 6. c3 Bb7 7. Bd3 e5 8. fxe5 dxe5 9. d5 c6 10. dxc6 Nxc6 11. 0-0 Nf6 12. Bg5 0-0 13. Bc2 Qb6+ 14. Kh1 Nh5 15. Kh2 h6 16. Bd2 Rad8 17. Qe2 Nf4 18. Bxf4 exf4 19. Nbd2 b4 20. Nc4 Qc5 21. cxb4 Nxb4 22. Bb3 Rfe8 23. e5 Bd5 24. Rad1 a5 25. a3 Nc6 26. Rc1 Nd4 27. Nxd4 Qxd4 28. Rfd1 f3 29. Rxd4 fxe2 30. Re1 Bxc4 31. Rxd8 Bxe5+ 32. g3 Rxd8 33. Bxc4 Bxb2 34. Rxe2 Bxa3 35. Re7 Bxe7 0-1